000 00853nam a2200253Ia 4500
003 GCL
008 140319s9999 xx 000 0 ara d
020 _a5685274977
040 _aGCL /
_cGCL
082 0 4 _a956.904
_bع م
100 1 _aعبدالقادر ياسين
245 1 0 _aملحمة جنين /
_cعبدالقادر ياسين
250 _aالاولى
260 _aالقاهرة :
_bمركز الاعلام العربى ،
_c2002
300 _a148 ص ؛
_c24 سم
490 _aكتاب القدس
_v11
650 0 4 _aالنزاع العربى الاسرائيلى
650 0 4 _aالمقاومة الفلسطينية
650 0 4 _aالانتفاضة الفلسطينية
650 0 4 _aالشهداء - فلسطين - تاريخ
650 0 4 _aجنين - تاريخ
650 0 4 _aالمذابح - اسرائيل
942 _2ddc
_cBK
999 _c8875
_d8875